Designing spaces for natural ventilation : an architect's guide /

Buildings can breathe naturally, without the use of mechanical systems, if you design the spaces properly. This accessible and thorough guide shows you how in more than 260 color diagrams and photographs illustrating case studies and CFD simulations. You can achieve truly natural ventilation, by con...

Ful tanımlama

Detaylı Bibliyografya
Yazar: Passe, Ulrike
Diğer Yazarlar: Battaglia, Francine
Materyal Türü: Kitap
Dil:English
Baskı/Yayın Bilgisi: New York ; Abingdon, Oxon : Routledge, Taylor & Francis Group, 2015
Konular:
Classic Catalogue: View this record in Classic Catalogue
LEADER 03300nam a2200397 i 4500
001 35088
003 BD-DhAAL
005 20211118134136.0
008 190808t2015 nyua b 001 0 eng
999 |c 40817  |d 40817 
010 |a  2014032584 
020 |a 9780415817776 (pbk. : alk. paper) 
020 |a 9780415817752 (hardback : alk. paper) 
020 |z 9780203583470 (ebook) 
040 |a DLC  |b eng  |c DLC  |e rda  |d DLC  |d BD-DhAAL 
042 |a pcc 
050 0 0 |a TH7674  |b .P37 2015 
082 0 0 |a 720.47  |2 23 
100 |a Passe, Ulrike  |9 33536 
245 1 0 |a Designing spaces for natural ventilation :  |b an architect's guide /  |c Ulrike Passe and Francine Battaglia 
260 |a New York ;  |a Abingdon, Oxon :  |b Routledge, Taylor & Francis Group,  |c 2015 
300 |a xxxii, 341 pages :  |b illustrations (some color) ;  |c 25 cm. 
504 |a Includes bibliographical references (pages 312-324) and index. 
505 |a Foreword by Sue Roaf. Acknowledgements. Introduction. Part 1: Theories and Scientific Background 1. The Importance of Space for Natural Ventilation 2. The Physics of Air Flow 3. The Importance of Fresh Air for Occupant's Health 4. Natural Ventilation and Climate 5. Inherited Spatial Archetypes for Natural Ventilation 6. Natural Ventilation and Thermal Comfort Part 2: Parameters 7. Pressure as Indicator 8. Spatial Strategies / Space-Induced Air Movement 9. Facade as Filter: From Windows to Curtain Walls to Adaptive and Smart Skins 10. Control of Natural Ventilation Part 3: Making Air Visible: Complex Science Summarized for Architects and Designers 11. Overview of Methods for Calculation and Simulation 12. Computational Fluid Dynamics Conclusion. Notes. Bibliography. Image Credits. Index 
520 |a Buildings can breathe naturally, without the use of mechanical systems, if you design the spaces properly. This accessible and thorough guide shows you how in more than 260 color diagrams and photographs illustrating case studies and CFD simulations. You can achieve truly natural ventilation, by considering the building's structure, envelope, energy use, and form, as well as giving the occupants thermal comfort and healthy indoor air. By using scientific and architectural visualization tools included here, you can develop ventilation strategies without an engineering background. Handy sections that summarize the science, explain rules of thumb, and detail the latest research in thermal and fluid dynamics will keep your designs sustainable, energy efficient, and up-to-date. 
526 |a ARC 
541 |a Trim Education  |e 35088, 35089 
650 0 |a Natural ventilation.  |9 33537 
650 0 |a Winds and architecture.  |9 33538 
650 0 |a Architecture and climate.  |9 33539 
650 0 |a Architecture  |9 42859 
700 1 |a Battaglia, Francine.  |9 33540 
852 |a Ayesha Abed Library  |c General Stacks 
942 |2 ddc  |c BK 
952 |0 0  |1 0  |2 ddc  |4 0  |6 720_470000000000000_PAS  |7 0  |9 65945  |a BRACUL  |b BRACUL  |c GEN  |d 2019-07-28  |e Trim Education  |g 5230.00  |l 2  |o 720.47 PAS  |p 3010035089  |r 2025-03-16  |s 2025-03-02  |t 2  |v 5230.00  |w 2019-07-28  |y BK  |x Transferred from ARC to BRACUL on 28/12/2023 
952 |0 0  |1 0  |2 ddc  |4 0  |6 720_470000000000000_PAS  |7 0  |9 65946  |a BRACUL  |b BRACUL  |c GEN  |d 2019-07-28  |e Trim Education  |g 5230.00  |l 3  |m 26  |o 720.47 PAS  |p 3010035088  |r 2024-02-24  |s 2023-10-09  |t 1  |v 5230.00  |w 2019-07-28  |y BK